000 00472nam a2200169 a 4500
001 $$a0000018823
005 20200120222018.0
008 010813s1977 mex0 gr0 000 d
090 _aAT
_bZOR 1977
100 0 _aZorilla, José
245 1 0 _aDon Juan Tenorio; traidor, inconfeso y martir; el puñal del godo.
260 _aMéxico
_bAguilar
_c1977
300 _a433p.
490 _aCrisol Literario No.40
650 1 4 _aLITERATURA ESPAÑOL
650 1 4 _aTEATRO ESPAÑOL
999 _c1090
_d1090